World Capitals With 2 Or More Words - Statistics

General Stats
  • This quiz has been taken 1,675 times
  • The average score is 21 of 32
Answer Stats
Answer % Correct
Mexico City
89%
Port-au-Prince
81%
Guatemala City
79%
Panama City
76%
Vatican City
75%
Buenos Aires
74%
New Delhi
73%
Port Moresby
71%
Port-of-Spain
71%
Cape Town
70%
Addis Ababa
69%
Santo Domingo
69%
Abu Dhabi
68%
San Marino
68%
San Salvador
68%
Washington D.C.
68%
Kuala Lumpur
67%
San Jose
67%
Andorra la Vella
66%
Kuwait City
65%
La Paz
65%
Saint John's
61%
Bandar Seri Begawan
60%
Sri Jayawardenepura Kotte
59%
Port Louis
58%
Port Vila
58%
Saint George's
58%
Sao Tome
57%
Phnom Penh
54%
Porto-Novo
50%
South Tarawa
38%
Nur-Sultan
26%
No matching quizzes found
Score Distribution
Percent of People with Each Score
Percentile by Number Answered
Your Score History
You have not taken this quiz